000
00227nam a2200097Ia 4500
008
240331s9999 xx 000 0 und d
082
_b
PUT
100
_a
Pon Vijayan. ed
245
0
_a
Puthiya Nambikai :
_b
Issue 41, 1991
942
_c
L
999
_c
4221
_d
4221